000 00378 a2200157 4500
001 73801
020 _a8573790830
040 _cAnchieta - Colégio São Paulo
100 _aLinardi, Pedro Marcos
240 1 0 _aFábulas parasitológicas
_lpor
245 1 0 _aFábulas parasitológicas
300 _a188
362 0 _a1998
650 4 _aCiência da vida - Biologia
942 _cBK
999 _c73801
_d73801